The builders : marvels of engineering (Record no. 35564)

MARC details
000 -LEADER
fixed length control field 00450nam a2200169Ia 4500
020 ## - INTERNATIONAL STANDARD BOOK NUMBER
ISBN 0-87044-836-6
050 ## - CALL MARK
Classification number TA15 .B85/
245 #4 - TITLE STATEMENT
Title The builders : marvels of engineering
260 ## - PUBLICATION, DISTRIBUTION, ETC. (IMPRINT)
Place of publication Washington, D.C.
260 ## - PUBLICATION, DISTRIBUTION, ETC. (IMPRINT)
Name of publisher The Book Division Natioal Geographic Society
260 ## - PUBLICATION, DISTRIBUTION, ETC. (IMPRINT)
Year of publication 1992
300 ## - PHYSICAL DESCRIPTION
Number of Pages 288 p
650 ## - SUBJECT ADDED ENTRY--TOPICAL TERM
Topical Term Engineering --History.Towers
942 ## - ADDED ENTRY ELEMENTS (KOHA)
Koha item type Books
Holdings
Withdrawn status Lost status Source of classification or shelving scheme Damaged status Not for loan Permanent Location Current Location Date acquired Accession Number Price effective from Koha item type
    Library of Congress Classification     NILE UNIVERSITY OF NIGERIA - MAIN LIBRARY NILE UNIVERSITY OF NIGERIA - MAIN LIBRARY 04/23/2025 0009165 04/23/2025 Books